Capitals Without the Letters of “Jakarta” - Statistics

General Stats
  • This quiz has been taken 9 times
  • The average score is 6 of 12
Answer Stats
Continents Capitals % Correct
Europe Dublin
71%
Europe London
71%
Europe Oslo
71%
Europe Lisbon
57%
Africa Lomé
57%
Asia New Delhi
57%
Europe Vilnius
57%
Asia Dili
29%
Africa Lilongwe
29%
Europe Moscow
29%
Asia Phnom Penh
29%
Asia Seoul
29%
No matching quizzes found
Score Distribution
Percent of People with Each Score
Percentile by Number Answered
Your Score History
You have not taken this quiz